000 01004nam a2200229Ia 4500
999 _c38316
_d38316
001 4326
003 GE_BSU
005 20191004114239.0
008 181216s1985||||ge |||||||||||||| ||geo||
040 _cGE_BSU
041 _ageo
080 _a355.48(479.22)(092)+94(092)(479.22) ლ–48
100 _aლესელიძე, ოთარ
_94501
245 _aსამშობლოსათვის დაფერფლილი გული /
_cოთარ ლესელიძე; რედ. ნათელა ლოთქიფანიძე.
250 _aპირველი გამოც.
264 _aთბილისი :
_bნაკადული,
_c1985.
300 _a85 გვ. ;
_b20 სმ.
653 _aქართველი გენერლები;
653 _aქართველები დიდ სამამულო ომში;
700 _aლოთქიფანიძე, ნ.
_eრედაქტორი
_94502
942 _cBK
_2udc